Ayres (Marlene) v SoS Environment and South Gloucestershire Council (Record no. 51584)

MARC details
000 -LEADER
fixed length control field 01052cab a2200241 4500
001 - CONTROL NUMBER
control field ABS57803
008 - FIXED-LENGTH DATA ELEMENTS--GENERAL INFORMATION
fixed length control field 090401t1997 xxu||||| |||| 00| 0 eng d
035 ## - SYSTEM CONTROL NUMBER
System control number (Sirsi) u81808
041 ## - LANGUAGE CODE
Language code of text/sound track or separate title eng
245 ## - TITLE STATEMENT
Title Ayres (Marlene) v SoS Environment and South Gloucestershire Council
260 ## - PUBLICATION, DISTRIBUTION, ETC.
Date of publication, distribution, etc. 1997
350 ## - PRICE (NR) (BK AM CF MU VM SE) [OBSOLETE]
Price 0
490 ## - SERIES STATEMENT
Series statement Property, planning & compensation reports
Volume/sequential designation [1997] 74 P&CR 246-255(10)
520 ## - SUMMARY, ETC.
Summary, etc. QBD 26 March 1997. A`s request for planning permission on green belt was denied as the Inspector did not think that A`s gypsy status and need for accommodation warranted a departure from green belt policy. A sought to quash the SoS`s decision alleging that the Inspector had failed to give adequate reasons for his decision and adequate consideration to the evidence. Held, application allowed.
650 ## - SUBJECT ADDED ENTRY--TOPICAL TERM
Topical term or geographic name entry element DOE CIRCULAR 01/1994
650 ## - SUBJECT ADDED ENTRY--TOPICAL TERM
Topical term or geographic name entry element GREEN BELT
650 ## - SUBJECT ADDED ENTRY--TOPICAL TERM
Topical term or geographic name entry element GYPSY SITES
650 ## - SUBJECT ADDED ENTRY--TOPICAL TERM
Topical term or geographic name entry element MOBILE HOME
650 ## - SUBJECT ADDED ENTRY--TOPICAL TERM
Topical term or geographic name entry element PLANNING PERMISSION
690 ## - LOCAL SUBJECT ADDED ENTRY--TOPICAL TERM (OCLC, RLIN)
Topical term or geographic name as entry element PLANNING LAW AND PRACTICE-CASE LAW
942 ## - ADDED ENTRY ELEMENTS (KOHA)
Suppress in OPAC 0
948 ## - LOCAL PROCESSING INFORMATION (OCLC); SERIES PART DESIGNATOR (RLIN)
c (OCLC) 30/10/1997
Holdings
Withdrawn status Lost status Source of classification or shelving scheme Damaged status Not for loan Home library Current library Shelving location Date acquired Total Checkouts Full call number Barcode Date last seen Copy number Price effective from Koha item type
    Dewey Decimal Classification     London London Journal article 14/09/1999   ABS57803 81808-1001 06/08/2019 1 06/08/2019 Law report